000 00465nam a22001817a 4500
003 NUST - PNEC
005 20170116180841.0
008 150819b xxu||||| |||| 00| 0 eng d
020 _a-
040 _cLIBRARY
082 _a553.7 LEO
100 _95355
_aLeopold, Luna B.
245 _aWater (Life Science Library)
_cLund B. Leopold
250 _a2nd ed.
260 _aHong-Kong:
_bTime Life Books
_cc1980.
650 _95356
_aWater
_xGeneral
942 _2ddc
_cBK
999 _c64399
_d64399